[Event "UKR-ch sf"]
[Site "Omelnyk"]
[Date "2021.09.22"]
[Round "1"]
[White "Shishkin, Vadim"]
[Black "Fedak, Ihor"]
[Result "1/2-1/2"]
[WhiteElo "2425"]
[BlackElo "1823"]
[PlyCount "117"]
[EventDate "2021.09.22"]
[EventType "swiss"]
[EventRounds "9"]
[EventCountry "UKR"]
[SourceTitle "CBM 204 Extra"]
[Source "ChessBase"]
[SourceDate "2021.11.30"]
[SourceVersion "1"]
[SourceVersionDate "2021.11.30"]
[SourceQuality "1"]

1. d4 d5 2. c4 e6 3. Nc3 Nf6 4. cxd5 exd5 5. Bg5 c6 6. e3 Be7 7. Bd3 Nbd7 8. h3 Nf8 9. Qc2 Ne6 10. Bh4 g6 11. Nf3 Ng7 12. g4 0-0 13. 0-0-0 a5 14. Bg3 a4 15. Kb1 Qa5 16. Ne5 Nd7 17. f4 Nxe5 18. dxe5 f5 19. g5 b5 20. Ne2 Bd7 21. Qd2 b4 22. h4 Rfd8 23. Nc1 c5 24. Be2 Be6 25. h5 c4 26. hxg6 hxg6 27. Bf3 c3 28. Qh2 Kf7 29. Be1 Qb6 30. Rd3 Rac8 31. Bd1 Qb5 32. b3 a3 33. Kc2 Bc5 34. Qh7 Rh8 35. Qxh8 Rxh8 36. Rxh8 Qb6 37. Bf2 Qb5 38. Bf3 Bb6 39. Rh7 Kg8 40. Rh6 Bf7 41. Ne2 Kf8 42. Rh8+ Ke7 43. Rd1 Ne8 44. Rdh1 Nc7 45. Rb8 Qa6 46. Rh7 Ne6 47. Rbh8 Nc5 48. Nc1 Ne4 49. Bxe4 dxe4 50. Rh1 Qa7 51. R8h3 Qa6 52. Rd1 Bc5 53. Rh7 Qa7 54. Rh3 Qa6 55. Bg1 Qb5 56. Rh2 Qb6 57. Rh3 Qa6 58. Rh2 Qb6 59. Rh3 1/2-1/2